000 00670nam a2200229Ia 4500
003 OSt
005 20220926012014.0
006 a|||||r|||| 00| 0
007 ta
008 220923b |||||||| |||| 00| 0 eng d
037 _cGeneral Book
040 _aRTL
_cRTL
_beng
041 _2eng
_aeng
082 _aY:3(Q), K7
100 _aKnudten Richard D Ed.
_9315383
245 0 _aSociology of religion
_b An anthology
260 _aNew York
_bAppleton-Century-Crofts
_c1967
300 _axiii,560p
_ccm.
490 _aSociology Series. Ed. by John F Cuber
942 _hY:3(Q), K7
_cGB
_2CC
999 _c621487
_d621487